Сводка Главного Командования Красной армии о пограничных боях советских войск с войсками нацистской Германии

RUSMARC
00003632cbm0a2200253#x 450
001cd3eaee8-d288-4ae8-b254-9e192c3f3cf1
00520230110160204.0
100##$a20221223j19410622k###0rusy50 ca
1010#$arus
102##$aRU
1220#$ad19410622##
2001#$aСводка Главного Командования Красной армии о пограничных боях советских войск с войсками нацистской Германии
$j22 июня 1941 г.
251##$cДокумент
300##$aПодлинник. Правка И. В. Сталина
461#0$12001
$aФ. 3
$1251
$cФонд
$1852
$j3
462#0$12001
$aОп. 50
$1251
$cОпись
$1852
$j50
462#0$12001
$aД. 450
$vЛ. 1
$1251
$cДело
$1852
$j450
605##$2prlib_sh
$3LIBNET\UAF\0000088514
$aВторая мировая война в архивных документах (Комплекс оцифрованных архивных документов, кино- и фотоматериалов)
$lколлекция
686##$a63.3(2)622,11ю11
$vLBC/M
$2rubbk
801#0$aRU
$bПБ им. Б.Н. Ельцина
$c20221223
801#1$aRU
$bПБ им. Б.Н. Ельцина
$c20221223
$2rusmarc
801#2$aRU
$bПБ им. Б.Н. Ельцина
$c20230110
$2rusmarc
850##$aРоссийский государственный архив новейшей истории
852##$aРГАНИ
$jЛ. 1
035##$aLIBNET\0001299039
937##$d181876394
$hФедеральное архивное агентство
8564#$uhttp://readingroom.main.prlib.ru/item.aspx?id_node=n181876394&mode=full
Формат отображения